Rhyming double words #3 - Statistics

General Stats
  • This quiz has been taken 21 times
  • The average score is 4 of 26
Answer Stats
Hint Answer % Correct
Huge Chinese city Hong Kong
67%
Shallow description of an 'average looking woman' Plain Jane
60%
What one might use to collect dog waste Pooper Scooper
60%
Another word for someone with ginger hair Red head
53%
Slang for a much younger male lover Toy Boy
47%
A mucous membrane left behind from a gastropod mollusc Snail trail
40%
Greek for "The many" Hoi Polloi
20%
The unripe fruit of Phaseolus vulgaris Green Bean
13%
A confused, jumbled mixture of miscellany Hodge Podge
13%
Slang for a flight attendant Trolley Dolly
13%
Nickname for North London entertainment centre on Muswell Hill Ally Pally
7%
Nickname for #30 in British Bingo Dirty Gertie
7%
A term used to describe evangelical Christians God Squad
7%
Scary truck driver from "Pee-Wee's Big Adventure" Large Marge
7%
Film starring Vinnie Jones about a prison football match Mean Machine
7%
The Pokémon Celebi was dubbed this on release New Mew
7%
A homemade compost recycling unit Rot Pot
7%
Nickname of British prime minister's wife's name Sam Cam
7%
Section of Ant & Dec's SMTV live, where viewers would guess double rhyming words Wonkey Donkey
7%
1977 song by "The Cars" Cool Fool
0%
Fruit flavoured 'Candyland' product Dewy Chewy
0%
Segment of 'The Daily Show' with Steve Carell & Stephen Colbert Even Stevphen
0%
Japanese boxing arcade game Ring King
0%
American screenwriter of 'Batman' Sam Hamm
0%
A London street clown popular in the 19th century Silly Billy
0%
Song by Annette Funicello Tall Paul
0%
No matching quizzes found
Score Distribution
Percent of People with Each Score
Percentile by Number Answered
Your Score History
You have not taken this quiz